Most Common JetPunk People - Extreme Version - Statistics

General Stats
  • This quiz has been taken 1,001 times
  • The average score is 49 of 110
Answer Stats
# Country Clue Life Person % Correct
66 U.S. Singer 1958–2009 Michael Jackson
90%
37 Germany World leader 1889–1945 Adolf Hitler
89%
50 U.S. World leader 1732–1799 George Washington
89%
66 U.S. World leader 1917–1963 John F. Kennedy
89%
65 U.S. World leader 1809–1865 Abraham Lincoln
88%
34 U.S. World leader 1946– Donald Trump
87%
44 U.S. World leader 1961– Barack Obama
86%
57 France World leader 1769–1821 Napoleon
86%
40 USSR World leader 1878–1953 Joseph Stalin
84%
50 U.S. Basketball 1963– Michael Jordan
84%
46 U.S. World leader 1882–1945 Franklin Roosevelt
82%
38 Rome World leader 100BC–44BC Julius Caesar
82%
26 U.S. World leader 1767–1845 Andrew Jackson
80%
35 England Playwright 1564–1616 William Shakespeare
78%
45 U.K. World leader 1874–1965 Winston Churchill
78%
31 U.S. World leader 1858–1919 Theodore Roosevelt
77%
64 U.S. Singer 1935–1977 Elvis Presley
76%
52 U.S. Basketball 1984– Lebron James
76%
28 U.S. World leader 1946– George W. Bush
73%
28 Judea Religious figure c. 4BC–30 Jesus
73%
43 U.S. Basketball 1978–2020 Kobe Bryant
73%
39 U.S. World leader 1911–2004 Ronald Reagan
72%
30 Germany Scientist 1879–1955 Albert Einstein
70%
38 U.S. Rapper 1972– Eminem
70%
50 U.S. World leader 1743–1826 Thomas Jefferson
70%
30 U.S. Rapper 1969– Jay-Z
69%
23 U.K. Singer 1947– Elton John
68%
45 U.S. World leader 1913–1994 Richard Nixon
68%
33 Barbados Singer 1988– Rihanna
68%
30 U.S. World leader 1946– Bill Clinton
67%
23 Florence Artist 1452–1519 Leonardo da Vinci
67%
28 South Africa World leader 1918–2013 Nelson Mandela
67%
32 Canada Singer 1994– Justin Bieber
65%
29 Egypt World leader 69BC–30BC Cleopatra
64%
38 U.K. Singer 1940–1980 John Lennon
64%
33 U.S. Baseball 1895–1948 Babe Ruth
62%
25 U.S. World leader 1942– Joe Biden
62%
27 Italy World leader 1883–1945 Benito Mussolini
59%
27 U.S. Singer 1989– Taylor Swift
59%
26 U.S. World leader 1924– Jimmy Carter
58%
27 Florence Artist 1475–1564 Michelangelo
57%
28 U.S. Basketball 1959– Magic Johnson
55%
32 Canada Rapper 1986– Drake
54%
46 U.S. Singer 1958– Madonna
54%
35 U.S. Actor 1926–1962 Marilyn Monroe
54%
34 U.S. Rapper 1977– Kanye West
51%
25 Genoa Explorer 1451–1506 Christopher Columbus
50%
23 China World leader 1893–1976 Mao Zedong
49%
23 U.S. Boxing 1942–2016 Muhammad Ali
48%
28 Greece World leader 356BC–323BC Alexander the Great
47%
23 U.S. Activist 1929–1968 Martin Luther King, Jr.
46%
27 Austria Actor 1947– Arnold Schwarzenegger
45%
26 U.K. World leader 1925–2013 Margaret Thatcher
45%
31 U.S. American football 1977– Tom Brady
44%
23 Netherlands Artist 1853–1890 Vincent van Gogh
44%
28 U.S. World leader 1856–1924 Woodrow Wilson
44%
23 Frankish World leader 747–814 Charlemagne
43%
24 France World leader 1890–1970 Charles de Gaulle
43%
24 USSR World leader 1931–2022 Mikhail Gorbachev
42%
25 U.S. Inventor 1847–1931 Thomas Edison
42%
29 U.S. Singer 1915–1998 Frank Sinatra
40%
31 U.S. Basketball 1988– Stephen Curry
39%
23 Rome World leader 63BC–14 Augustus
37%
27 Austria World leader 1863–1914 Franz Ferdinand
36%
40 U.S. Singer 1986– Lady Gaga
35%
32 U.S. Basketball 1972– Shaquille O'Neal
34%
26 U.S. World leader 1822–1885 Ulysses S. Grant
34%
28 U.K. Singer 1988– Adele
32%
24 U.S. Actor 1963– Brad Pitt
32%
30 U.S. Basketball 1956– Larry Bird
29%
25 U.K. World leader 1819–1901 Queen Victoria
29%
28 U.S. Singer 1963–2012 Whitney Houston
28%
25 U.K. Author 1812–1870 Charles Dickens
27%
35 U.S. Basketball 1988– Kevin Durant
27%
28 France World leader 1755–1793 Marie Antoinette
25%
28 U.S. Basketball 1936–1999 Wilt Chamberlain
25%
36 U.S. Singer 1941– Bob Dylan
24%
26 U.S. Actor 1962– Tom Cruise
24%
31 U.S. Basketball 1947– Kareem Abdul-Jabbar
23%
27 U.K. Singer 1947–2016 David Bowie
22%
32 U.S. Actor 1968– Will Smith
22%
25 U.S. Singer 1984– Katy Perry
21%
23 U.S. Actor 1961– George Clooney
19%
26 U.S. Singer 1981– Britney Spears
18%
23 U.S. Baseball 1914–1999 Joe DiMaggio
18%
24 U.S. Actor 1956– Tom Hanks
18%
25 U.K. Scientist 1809–1882 Charles Darwin
17%
24 U.S. Basketball 1965– David Robinson
17%
23 Germany Basketball 1978– Dirk Nowitzki
17%
29 U.S. Basketball 1989– James Harden
17%
25 U.S. American football 1976– Peyton Manning
17%
25 U.S. Baseball 1918–2002 Ted Williams
16%
23 U.S. Singer 1946– Cher
13%
26 Nigeria Basketball 1963– Hakeem Olajuwon
13%
24 U.S. Baseball 1903–1941 Lou Gehrig
13%
23 U.S. Singer 1949– Bruce Springsteen
11%
23 U.S. Singer 1981– Justin Timberlake
11%
28 Germany Prussia 1818–1883 Karl Marx
11%
31 U.S. Basketball 1988– Russell Westbrook
11%
26 U.S. Actor 1930– Clint Eastwood
10%
29 U.S. Baseball 1934–2021 Hank Aaron
10%
25 U.S. Singer 1932–2003 Johnny Cash
9%
24 U.S. Baseball 1931–1995 Mickey Mantle
9%
23 U.S. Criminal 1947– O.J. Simpson
9%
23 U.S. Actor 1970– Matt Damon
8%
26 U.S. Basketball 1993– Anthony Davis
7%
26 U.S. Basketball 1975– Allen Iverson
6%
23 U.S. Baseball 1975– Alex Rodriguez
5%
23 U.S. Baseball 1964– Barry Bonds
5%
24 U.S. Singer 1950– Stevie Wonder
4%
No matching quizzes found
Score Distribution
Percent of People with Each Score
Percentile by Number Answered
Your Score History
You have not taken this quiz